|
|
|
|
| LEADER |
00000nab a2200000 a 4500 |
| 001 |
vtls009091491 |
| 003 |
SK-MaSNL |
| 005 |
20260304153337.0 |
| 008 |
250506c2007 xo |||||||||||000 b|slo |
| 015 |
|
|
|a SNBRB2007/07
|2 snkbucl
|
| 035 |
|
|
|a (uuid)3a14cad8-bce7-4960-aed9-94049cd3471b
|
| 035 |
|
|
|a urn:nbn:sk:snk-ab2xk7
|
| 035 |
|
|
|a (urnnbn)urn:nbn:sk:snk:ar-a032nk
|
| 038 |
|
|
|a SNKBUCL
|
| 040 |
|
|
|a SNKBUCL
|b slo
|c SNKBUCL
|e AACR2
|
| 041 |
0 |
|
|a slo
|
| 044 |
|
|
|a xo
|c SK
|
| 080 |
|
|
|a 574.2
|2 2001
|
| 080 |
|
|
|a 581.9
|2 2001
|
| 080 |
|
|
|a 591.9
|2 2001
|
| 100 |
1 |
|
|a Saniga, Miroslav,
|d 1964-
|4 aut
|9 103655
|
| 245 |
1 |
0 |
|a V drsných podmienkach veľhôr
|b čriepky zo života prírody a jej obyvateľov
|c Miroslav Saniga
|
| 300 |
|
|
|b Fotogr.
|
| 650 |
0 |
7 |
|a vysokohorská vegetácia
|2 snkbucl
|9 771024
|
| 650 |
0 |
7 |
|a vysokohorské živočíchy
|2 snkbucl
|9 105716
|
| 650 |
0 |
7 |
|a vysokohorské biotopy
|2 snkbucl
|9 105717
|
| 773 |
0 |
|
|t Quark
|g Roč. XIII, č. 7 (2007), s. 23
|x 1335-4000
|
| 850 |
|
|
|a Slovenská národná knižnica
|
| 852 |
|
|
|a Slovenská národná knižnica
|
| 954 |
|
|
|a odborná, vedecká literatúra pôvodná (slovenská)
|2 lita
|
| 958 |
|
|
|a article2022
|
| 958 |
|
|
|a OND
|
| 958 |
|
|
|a EUIPO
|
| 999 |
|
|
|c 2953315
|d 2955245
|